| 000 | 00655cab a2200193 4500 | ||
|---|---|---|---|
| 008 | 050210s1998 ck 000 0 spa u | ||
| 020 | _a9562821161 | ||
| 035 | _aa443770 | ||
| 050 | 0 | 0 |
_aHJ8514 .5 _bS32 1998 |
| 100 | 1 | _aSchatan, Jacobo | |
| 245 | 1 | 3 |
_aEl saqueo de América Latina : _bdeuda externa, neoliberalismo, globalización / _cJacobo Schatan. |
| 250 | _a1a ed. | ||
| 260 |
_aSantiago de Chile : _bUniversidad Arcis : _bLom Ediciones : _bCENDA, _c1998. |
||
| 300 |
_a201 p. ; _c21 cm. |
||
| 440 | 0 | _aSin norte. Punto de Fuga | |
| 650 | 4 |
_aDeuda externa _zHispanoamérica |
|
| 650 | 0 | _aIntegración económica internacional | |
| 942 |
_2lcc _cLIB |
||
| 999 |
_c67530 _d67530 |
||